Every NFL Teams Best First Round WR Ever - Statistics

General Stats
  • This quiz has been taken 44 times
    18 since last reset
  • The average score is 11 of 32
Answer Stats
Team Year Pick Player % Correct
ATL 2011 6 Julio Jones
94%
ARI 2004 4 Larry Fitzgerald
94%
HOU 2003 3 Andre Johnson
78%
DET 2007 2 Calvin Johnson
78%
NYJ 1996 1 Keyshawn Johnson
78%
MIN 1998 21 Randy Moss
72%
CIN 2021 5 Ja'Marr Chase
67%
NYG 2014 12 Odell Beckham Jr.
67%
TBB 2014 7 Mike Evans
61%
JAX 2024 23 Brian Thomas Jr.
56%
DEN 2010 22 Demaryius Thomas
56%
MIA 2021 6 Jaylen Waddle
56%
SFF 1985 16 Jerry Rice
56%
IND 1996 19 Marvin Harrison
44%
CAR 2018 24 D.J. Moore
39%
LAR 1999 6 Torry Holt
28%
DAL 1988 11 Michael Irvin
22%
GBP 1988 7 Sterling Sharpe
22%
LVR 1998 6 Tim Brown
22%
WAS 1980 18 Art Monk
17%
LAC 1978 14 John Jefferson
17%
KAN 2007 23 Dwayne Bowe
6%
SEA 1995 8 Joey Galloway
6%
PIT 1974 21 Lynn Swann
6%
PHI 1982 20 Mike Quick
6%
BUF 1996 24 Eric Moulds
0%
CHI 1951 12 Gene Schroeder
0%
TEN 1987 20 Haywood Jeffires
0%
BAL 2005 22 Mark Clayton
0%
CLE 1964 11 Paul Warfield
0%
NEP 1977 25 Stanley Morgan
0%
NOS 1978 3 Wes Chandler
0%
No matching quizzes found
Score Distribution
Percent of People with Each Score
Percentile by Number Answered
Your Score History
You have not taken this quiz since the last reset